[Event "Schweden 2-Rotation Dresden"]
[Site "?"]
[Date "2008.02.12"]
[Round "2.3"]
[White "Andersson, S-O."]
[Black "Kneschke, H-J."]
[Result "1/2-1/2"]
[WhiteElo "2076"]
[BlackElo "1877"]
[PlyCount "39"]
[EventDate "2008.??.??"]

1. d4 Nf6 2. Nf3 g6 3. g3 Bg7 4. Bg2 O-O 5. O-O d6 6. c4 Nc6 7. Nc3 e5 8. dxe5
Nxe5 9. Nxe5 dxe5 10. Qb3 c6 11. Bg5 Qc7 12. Rac1 h6 13. Bxf6 Bxf6 14. Ne4 Be7
15. Qe3 Kg7 16. c5 Be6 17. Rfd1 Bd5 18. Nd6 Bxd6 19. cxd6 Qxd6 20. Qc3 1/2-1/2

[Event "Schweden 2-Rotation Dresden"]
[Site "?"]
[Date "2008.02.12"]
[Round "2.4"]
[White "Säurig, B."]
[Black "Nystrom, R."]
[Result "1/2-1/2"]
[WhiteElo "1801"]
[BlackElo "2026"]
[PlyCount "63"]
[EventDate "2008.??.??"]

1. d4 d5 2. Nf3 Nf6 3. c4 e6 4. e3 Be7 5. Nc3 O-O 6. Bd3 dxc4 7. Bxc4 a6 8. a4
c5 9. O-O Nc6 10. dxc5 Bxc5 11. Qe2 e5 12. Rd1 Qe7 13. h3 Be6 14. Bxe6 Qxe6 15.
Bd2 e4 16. Nh2 Ne5 17. Be1 Rfe8 18. Nf1 Rac8 19. Rd2 Nc4 20. Rc2 Ba7 21. Rac1
Ne5 22. Rd1 h6 23. Rcd2 Nc4 24. Rc2 Bb8 25. Rdc1 Nd6 26. Ng3 Rc4 27. Nf1 Nd7
28. Qd1 Rc5 29. Ne2 Rxc2 30. Rxc2 f5 31. Bc3 Ne5 32. Nf4 1/2-1/2

[Event "Bahn-Sozialwerk 3-Widukind"]
[Site "?"]
[Date "2008.02.12"]
[Round "2.1"]
[White "Bisse, V."]
[Black "Pape, M."]
[Result "0-1"]
[WhiteElo "1972"]
[BlackElo "2240"]
[PlyCount "132"]
[EventDate "2008.??.??"]

1. e4 g6 2. Nf3 Bg7 3. d4 d6 4. c3 Nc6 5. Bb5 a6 6. Ba4 b5 7. Bb3 Na5 8. Bc2
Bb7 9. Bg5 h6 10. Bf4 Nf6 11. Nbd2 O-O 12. O-O Nh5 13. Be3 e5 14. b4 Nc6 15.
Nb3 Re8 16. d5 Nb8 17. Na5 Bc8 18. Qd2 Nf4 19. g3 g5 20. Kh1 Qf6 21. Ng1 Nh3
22. f3 Qg6 23. Nxh3 Bxh3 24. Rf2 f5 25. exf5 Bxf5 26. Bxf5 Qxf5 27. Qc2 e4 28.
f4 g4 29. Rd1 Nd7 30. Nc6 h5 31. Re2 Bf6 32. c4 Kf7 33. Nd4 Bxd4 34. Bxd4 Re7
35. Qb3 Rae8 36. Re3 Kg6 37. c5 h4 38. Kg2 Rh7 39. Rh1 h3+ 40. Kf2 Ne5 41. c6
Nc4 42. Rd1 Qxd5 43. Qc2 Rf7 44. Re2 Qxc6 45. Rde1 Rfe7 46. Be3 Qd5 47. Qd1
Qxd1 48. Rxd1 c6 49. Rc1 Kf5 50. Rc3 Rc8 51. a3 Rd7 52. Rec2 d5 53. Bd4 Re8 54.
Ke2 Ra8 55. Ra2 a5 56. Rcc2 axb4 57. axb4 Ra4 58. Rxa4 bxa4 59. Ra2 a3 60. Kd1
e3 61. Ke2 Ke4 62. Bc5 d4 63. Kf1 d3 64. Ra1 Nd2+ 65. Kg1 Nf3+ 66. Kh1 d2 0-1

[Event "Bahn-Sozialwerk 3-Widukind"]
[Site "?"]
[Date "2008.02.12"]
[Round "2.3"]
[White "Lück, E."]
[Black "Perk, E."]
[Result "0-1"]
[WhiteElo "1717"]
[BlackElo "2011"]
[PlyCount "75"]
[EventDate "2008.??.??"]

1. e4 d6 2. d4 Nf6 3. Nc3 c6 4. Nf3 Nbd7 5. Bc4 e6 6. Bg5 Qc7 7. O-O Be7 8. Re1
e5 9. dxe5 dxe5 10. Qe2 O-O 11. Rad1 b5 12. Bb3 a5 13. a4 b4 14. Nb1 Nc5 15.
Nbd2 Nxb3 16. cxb3 Bg4 17. Nc4 Bxf3 18. Qxf3 Rfe8 19. Rd3 Nd7 20. Bxe7 Rxe7 21.
Qe3 Nf8 22. Qc5 f6 23. Nd6 Ne6 24. Qc4 Kf8 25. Nf5 Rd7 26. Rh3 Ng5 27. Rd3 Rxd3
28. Qxd3 Rd8 29. Qc4 g6 30. Qc5+ Ke8 31. Ng3 Rd4 32. f3 Ne6 33. Qc2 Qd6 34. Nf1
Rd3 35. Re2 Qd4+ 36. Rf2 c5 37. Qc4 Ke7 38. Nd2 0-1

[Event "Bahn-Sozialwerk 3-Widukind"]
[Site "?"]
[Date "2008.02.12"]
[Round "2.4"]
[White "Hentzschel, E."]
[Black "Gafke, M."]
[Result "1/2-1/2"]
[WhiteElo "1956"]
[BlackElo "1904"]
[PlyCount "48"]
[EventDate "2008.??.??"]

1. e4 c6 2. d4 d5 3. exd5 cxd5 4. Nf3 Bf5 5. Bd3 Bxd3 6. Qxd3 Nc6 7. O-O Nf6 8.
Nbd2 e6 9. c3 Bd6 10. Re1 Qc7 11. h3 O-O 12. a3 h6 13. c4 b6 14. b4 dxc4 15.
Nxc4 Rac8 16. Nxd6 Qxd6 17. Bb2 Nd5 18. Rac1 Nce7 19. Ne5 Rxc1 20. Rxc1 Rc8 21.
Qb5 Rxc1+ 22. Bxc1 Nc7 23. Qc4 Ncd5 24. Bb2 Nc7 1/2-1/2

[Event "D.D. - Oranjeteam 2-Dresden-Striesen"]
[Site "?"]
[Date "2008.02.12"]
[Round "2.1"]
[White "Ghijsen, P."]
[Black "Barz, H-W."]
[Result "1-0"]
[WhiteElo "2178"]
[BlackElo "2045"]
[PlyCount "60"]
[EventDate "2008.??.??"]

1. d4 Nf6 2. Nf3 g6 3. c4 Bg7 4. Nc3 O-O 5. g3 d6 6. Bg2 Nbd7 7. O-O e5 8. h3
Re8 9. e4 exd4 10. Nxd4 a6 11. Be3 Rb8 12. Rb1 Ne5 13. b3 c5 14. Nde2 b5 15.
cxb5 axb5 16. b4 Nc4 17. Bc1 Bd7 18. bxc5 dxc5 19. Bf4 Ne5 20. Bxe5 Rxe5 21. f4
Re6 22. e5 Ne8 23. Nxb5 Bxb5 24. Qxd8 Rxd8 25. Rxb5 Ra6 26. Nc3 Bf8 27. a4 Nc7
28. Rb7 Ne6 29. Bd5 Rda8 30. Bc4 R6a7 1-0

[Event "D.D. - Oranjeteam 2-Dresden-Striesen"]
[Site "?"]
[Date "2008.02.12"]
[Round "2.3"]
[White "Vink, W."]
[Black "Kothe, H."]
[Result "1-0"]
[WhiteElo "2058"]
[BlackElo "1794"]
[PlyCount "59"]
[EventDate "2008.??.??"]

1. Nf3 Nf6 2. c4 g6 3. d4 Bg7 4. g3 O-O 5. Bg2 d6 6. O-O c5 7. Nc3 Nbd7 8. d5
Re8 9. h3 Nf8 10. e4 a6 11. Qc2 Rb8 12. a4 Bd7 13. a5 b5 14. axb6 Qxb6 15. Re1
e5 16. Ra2 Ra8 17. Kh2 Re7 18. Bf1 Bc8 19. Bd3 N8d7 20. Qe2 Ra7 21. Nh4 Qc7 22.
f4 h6 23. f5 g5 24. Ng2 Kh7 25. g4 Ne8 26. Rh1 f6 27. h4 Kg8 28. Ne1 Nf8 29.
Ng2 Kf7 30. Bc2 1-0

[Event "D.D. - Oranjeteam 2-Dresden-Striesen"]
[Site "?"]
[Date "2008.02.12"]
[Round "2.4"]
[White "Günther, E."]
[Black "Montsma, F."]
[Result "1/2-1/2"]
[WhiteElo "1837"]
[BlackElo "1959"]
[PlyCount "55"]
[EventDate "2008.??.??"]

1. e4 d6 2. Nc3 Nf6 3. d4 e5 4. Bc4 Be7 5. h3 O-O 6. Be3 exd4 7. Bxd4 Nxe4 8.
Nxe4 d5 9. Bxg7 Kxg7 10. Bxd5 c6 11. Bc4 Qa5+ 12. c3 Qe5 13. Qd4 Qxd4 14. cxd4
Bf5 15. Nc3 Re8 16. Be2 Bf6 17. Nf3 Na6 18. O-O-O Nb4 19. g4 Be6 20. a3 Na2+
21. Kc2 Nxc3 22. bxc3 Bd5 23. Kd2 Rxe2+ 24. Kxe2 Re8+ 25. Ne5 Bxe5 26. dxe5
Rxe5+ 27. Kd3 Bxh1 28. Rxh1 1/2-1/2

[Event "Norwegen 4-Hamburger SK"]
[Site "?"]
[Date "2008.02.12"]
[Round "2.1"]
[White "Standal, B."]
[Black "Nugel, K."]
[Result "1/2-1/2"]
[WhiteElo "1901"]
[BlackElo "2155"]
[PlyCount "30"]
[EventDate "2008.??.??"]

1. e4 c5 2. Nf3 e6 3. d4 cxd4 4. Nxd4 Nc6 5. Nb3 Nf6 6. Nc3 d6 7. Be2 a6 8. Be3
b5 9. a3 Be7 10. O-O O-O 11. f4 Qc7 12. Bf3 Bb7 13. Qe2 Nd7 14. Rad1 Rfe8 15.
Qf2 Bf8 1/2-1/2

[Event "Norwegen 4-Hamburger SK"]
[Site "?"]
[Date "2008.02.12"]
[Round "2.2"]
[White "Gollasch, T."]
[Black "Wicklund-Hansen, R."]
[Result "1-0"]
[WhiteElo "2091"]
[BlackElo "1886"]
[PlyCount "49"]
[EventDate "2008.??.??"]

1. Nf3 d5 2. d4 Nf6 3. e3 Bg4 4. h3 Bh5 5. c4 e6 6. Qb3 b6 7. Ne5 Nfd7 8. Nd3
dxc4 9. Qxc4 Bd6 10. Nc3 c6 11. Ne4 Be7 12. Nf4 Bg6 13. Nxg6 hxg6 14. Bd3 O-O
15. O-O Qc7 16. Bd2 c5 17. b4 Rc8 18. Rac1 Nc6 19. bxc5 bxc5 20. Qc2 cxd4 21.
Ba6 dxe3 22. Bxe3 Ba3 23. Bxc8 Bxc1 24. Bxd7 Bxe3 25. Qxc6 1-0

[Event "Norwegen 4-Hamburger SK"]
[Site "?"]
[Date "2008.02.12"]
[Round "2.3"]
[White "Bue, G."]
[Black "Schirmer, W."]
[Result "0-1"]
[WhiteElo "1829"]
[BlackElo "2012"]
[PlyCount "68"]
[EventDate "2008.??.??"]

1. d4 Nf6 2. c4 g6 3. Nc3 Bg7 4. e4 d6 5. f3 O-O 6. Be3 Nc6 7. Nge2 a6 8. Qd2
Rb8 9. g4 b5 10. cxb5 axb5 11. g5 Ne8 12. h4 e5 13. d5 Na5 14. Ng3 b4 15. Nd1
f5 16. gxf6 Bxf6 17. Qh2 h5 18. Nf2 Ng7 19. b3 Nb7 20. Nd3 Na5 21. Nf2 c5 22.
dxc6 Nxc6 23. Bc4+ Be6 24. Bxe6+ Nxe6 25. Ne2 Nf4 26. Bxf4 exf4 27. O-O-O Qb6
28. Rd3 Ne5 29. Kb1 Nxd3 30. Nxd3 Qe3 31. Ne1 Qd2 32. Nc2 Rbc8 33. Rc1 Rc7 34.
Qg2 Kh7 0-1

[Event "Norwegen 4-Hamburger SK"]
[Site "?"]
[Date "2008.02.12"]
[Round "2.4"]
[White "Langmann, C."]
[Black "Birkestrand, O."]
[Result "1-0"]
[WhiteElo "1930"]
[BlackElo "1800"]
[PlyCount "51"]
[EventDate "2008.??.??"]

1. d4 Nf6 2. Nf3 e6 3. e3 d5 4. Bd3 c5 5. b3 Nc6 6. Bb2 Bd7 7. Nbd2 Nb4 8. Be2
Rc8 9. a3 Nc6 10. Bd3 Be7 11. Ne5 O-O 12. O-O cxd4 13. exd4 Qc7 14. f4 Qb6 15.
Ndf3 Rc7 16. Kh1 Nxe5 17. fxe5 Ne4 18. c4 a6 19. c5 Qa7 20. Qe2 f5 21. exf6
Rxf6 22. Ne5 Bc6 23. Nxc6 Rxc6 24. Bxe4 dxe4 25. Qxe4 Qb8 26. d5 1-0

[Event "Meckl.-Vorpommern-TuS Coswig"]
[Site "?"]
[Date "2008.02.12"]
[Round "2.1"]
[White "Wiemer, J."]
[Black "Bußler, J."]
[Result "0-1"]
[WhiteElo "2091"]
[BlackElo "1726"]
[PlyCount "94"]
[EventDate "2008.??.??"]

1. e4 d5 2. exd5 Qxd5 3. Nc3 Qd6 4. d4 Nf6 5. Nf3 c6 6. h3 Bf5 7. Bc4 e6 8. Bb3
Nbd7 9. Ne2 Qc7 10. Nh4 Be4 11. Ng3 Bg6 12. Qe2 Bd6 13. Nxg6 hxg6 14. Ne4 Nxe4
15. Qxe4 Nf6 16. Qf3 Rh4 17. c3 Rh5 18. g4 Rh7 19. Bd2 O-O-O 20. O-O-O Rdh8 21.
a3 Nd5 22. c4 Nf6 23. c5 Bh2 24. Rxh2 Qxh2 25. Rh1 Qc7 26. Bf4 Qd7 27. Be5 Nd5
28. Bc4 g5 29. Kc2 Nf4 30. Bf1 Qd5 31. Qxd5 Nxd5 32. Rg1 f6 33. Bd6 Nf4 34.
Bxf4 gxf4 35. Bg2 Kd7 36. Re1 Re8 37. b4 g5 38. a4 Rhe7 39. b5 Kc7 40. Kc3 e5
41. d5 cxd5 42. Bxd5 e4 43. a5 e3 44. f3 Rd8 45. b6+ axb6 46. axb6+ Kb8 47. Bc4
Re5 0-1

[Event "Meckl.-Vorpommern-TuS Coswig"]
[Site "?"]
[Date "2008.02.12"]
[Round "2.2"]
[White "Eiselt, P."]
[Black "Potthammel, J."]
[Result "1/2-1/2"]
[WhiteElo "2025"]
[BlackElo "2075"]
[PlyCount "39"]
[EventDate "2008.??.??"]

1. c4 e6 2. Nc3 f5 3. g3 Nf6 4. Bg2 Be7 5. Nf3 O-O 6. O-O d6 7. d4 Nbd7 8. Qc2
Qe8 9. b3 Qh5 10. Ba3 Rf7 11. Rad1 Nf8 12. Rfe1 g5 13. e4 Ng6 14. exf5 exf5 15.
Qe2 Bd7 16. Nd2 c6 17. Qxh5 Nxh5 18. Re2 Re8 19. Rde1 Nf6 20. Nf3 1/2-1/2

[Event "Meckl.-Vorpommern-TuS Coswig"]
[Site "?"]
[Date "2008.02.12"]
[Round "2.3"]
[White "Kühn, P."]
[Black "Andrich, H."]
[Result "0-1"]
[WhiteElo "2038"]
[BlackElo "1992"]
[PlyCount "68"]
[EventDate "2008.??.??"]

1. e4 e6 2. d4 d5 3. Nd2 Nf6 4. e5 Nfd7 5. Bd3 c5 6. c3 Nc6 7. Ne2 Qb6 8. Nf3
cxd4 9. cxd4 f6 10. exf6 Nxf6 11. O-O Bd6 12. Ng3 O-O 13. Re1 Bd7 14. Ne5 Bxe5
15. dxe5 Ne4 16. Bxe4 Qxf2+ 17. Kh1 dxe4 18. Be3 Qf7 19. Nxe4 Nxe5 20. Ng5 Qg6
21. Qd6 Rf5 22. Rf1 h6 23. Rxf5 Qxf5 24. Bd4 Qxg5 25. Bxe5 Bc6 26. Qxe6+ Kh8
27. Bg3 Qd2 28. Qh3 Qxb2 29. Re1 Re8 30. Rf1 Qe2 31. Rc1 Rf8 32. Rg1 Rf1 33.
Qc8+ Kh7 34. Qh3 Bb5 0-1

[Event "Meckl.-Vorpommern-TuS Coswig"]
[Site "?"]
[Date "2008.02.12"]
[Round "2.4"]
[White "Patzke, K."]
[Black "Krüger, G."]
[Result "1/2-1/2"]
[WhiteElo "1598"]
[BlackElo "1978"]
[PlyCount "93"]
[EventDate "2008.??.??"]

1. d4 d5 2. Nf3 Nf6 3. Bf4 e6 4. h3 Bd6 5. Bxd6 Qxd6 6. c3 c5 7. e3 Nc6 8. Nbd2
O-O 9. Bd3 c4 10. Bc2 b5 11. a3 a5 12. O-O Bb7 13. Re1 Qc7 14. Qe2 Nd7 15. e4
dxe4 16. Nxe4 h6 17. Ng3 Ne7 18. Ne5 Nf6 19. Ne4 Nfd5 20. Nc5 Bc8 21. Qe4 g6
22. Qh4 Kg7 23. g3 Ra7 24. Qg4 Nf6 25. Qf3 Nd7 26. Nexd7 Bxd7 27. Nxd7 Qxd7 28.
h4 Nd5 29. Be4 Rd8 30. Bxd5 Qxd5 31. Qe3 Rad7 32. Qe5+ Qxe5 33. Rxe5 Rd5 34.
Rae1 Rxe5 35. Rxe5 Rd5 36. f4 Kf6 37. Rxd5 exd5 38. Kf2 h5 39. Ke3 Kf5 40. Kf3
f6 41. Ke3 Kg4 42. Kf2 Kf5 43. Kf3 Ke6 44. g4 f5 45. g5 Kd6 46. Ke3 Kc6 47. Kd2
1/2-1/2

[Event "Schweden 3-DB / BSW Berlin"]
[Site "?"]
[Date "2008.02.12"]
[Round "2.1"]
[White "Sjostrom, O."]
[Black "Welz, P."]
[Result "0-1"]
[WhiteElo "2000"]
[BlackElo "2138"]
[PlyCount "72"]
[EventDate "2008.??.??"]

1. d4 f5 2. Nf3 Nf6 3. c4 g6 4. Nc3 Bg7 5. g3 O-O 6. Bg2 d6 7. O-O Nc6 8. Bf4
Nh5 9. Bg5 h6 10. Bc1 Nf6 11. b3 g5 12. Bb2 a6 13. Rc1 e5 14. dxe5 dxe5 15. Nd5
e4 16. Ne5 Be6 17. Nxc6 bxc6 18. Bxf6 Bxf6 19. Nxf6+ Qxf6 20. Qc2 Rad8 21. Rcd1
c5 22. Rxd8 Rxd8 23. Rd1 Kg7 24. g4 Rxd1+ 25. Qxd1 Qd4 26. Qxd4+ cxd4 27. Kf1
e3 28. fxe3 dxe3 29. gxf5 Bxf5 30. Bc6 Kf6 31. Kg2 Ke5 32. Kf3 Kd4 33. Bd5 g4+
34. Kf4 Bd3 35. Kxg4 Bxe2+ 36. Kg3 Kd3 0-1

[Event "Schweden 3-DB / BSW Berlin"]
[Site "?"]
[Date "2008.02.12"]
[Round "2.2"]
[White "Harzer, P."]
[Black "Ohrn, S."]
[Result "1/2-1/2"]
[WhiteElo "2168"]
[BlackElo "1947"]
[PlyCount "79"]
[EventDate "2008.??.??"]

1. d4 d5 2. Nf3 Nf6 3. e3 e6 4. Nbd2 c5 5. c3 Bd6 6. Bd3 O-O 7. O-O Nbd7 8. e4
cxd4 9. cxd4 dxe4 10. Nxe4 Nxe4 11. Bxe4 Nf6 12. Bg5 h6 13. Bxf6 Qxf6 14. Qa4
Rd8 15. Rac1 Qf4 16. Rfe1 Bc7 17. g3 Qd6 18. Red1 Bb6 19. Qc4 Rb8 20. Ne5 Bxd4
21. Qc7 Qxc7 22. Rxc7 Bxf2+ 23. Kxf2 Rxd1 24. Rxf7 a5 25. Bg6 Rd8 26. Re7 Ra8
27. Bf7+ Kh7 28. Bg6+ Kg8 29. Bf7+ Kh8 30. Bg6 Rf8+ 31. Bf7 Kh7 32. Ke3 Ra6 33.
Bg6+ Kg8 34. Bf7+ Kh7 35. Bg6+ Kh8 36. Bf7 Rd8 37. Bg6 Rf8 38. Bf7 Kh7 39. Bg6+
Kg8 40. Bf7+ 1/2-1/2

[Event "Schweden 3-DB / BSW Berlin"]
[Site "?"]
[Date "2008.02.12"]
[Round "2.3"]
[White "Andersson, M."]
[Black "Wuttke, E."]
[Result "1/2-1/2"]
[WhiteElo "1825"]
[BlackElo "1821"]
[PlyCount "114"]
[EventDate "2008.??.??"]

1. d4 f6 2. e4 g6 3. c4 Nh6 4. Nc3 Nf7 5. Nf3 Bg7 6. Bd3 d6 7. h3 e5 8. Be3 Nc6
9. d5 Ne7 10. Qd2 O-O 11. O-O-O f5 12. Qe2 Bd7 13. Kb1 b6 14. Nh2 fxe4 15. Nxe4
Nf5 16. g4 Nxe3 17. fxe3 Ng5 18. Nxg5 Qxg5 19. h4 Qe7 20. Be4 Qxh4 21. Qg2 Rf2
22. Qg1 Raf8 23. Nf3 Qxg4 24. Ng5 Qxg1 25. Rdxg1 h6 26. Ne6 R8f6 27. Rxg6 Bxe6
28. dxe6 Rxg6 29. Bxg6 Kf8 30. e4 Ke7 31. Bf5 Rg2 32. Rh5 c6 33. b4 Rg5 34. Rh3
Rg1+ 35. Kc2 Rg2+ 36. Kb3 Rg5 37. a4 d5 38. b5 dxe4 39. Bxe4 c5 40. Bd5 h5 41.
a5 Bf6 42. axb6 axb6 43. Kc2 e4 44. Ra3 Rg2+ 45. Kd1 Rg1+ 46. Ke2 Ra1 47. Ra6
Bd4 48. Bxe4 Kxe6 49. Rxb6+ Ke5 50. Bd5 Ra2+ 51. Kf3 Ra3+ 52. Kg2 Kf4 53. Ra6
Rg3+ 54. Kh2 Rb3 55. b6 Be5 56. b7 Kg4+ 57. Kg2 Rb2+ 1/2-1/2

[Event "Schweden 3-DB / BSW Berlin"]
[Site "?"]
[Date "2008.02.12"]
[Round "2.4"]
[White "Pitt, W."]
[Black "Keller, G."]
[Result "1-0"]
[WhiteElo "2050"]
[BlackElo "1599"]
[PlyCount "87"]
[EventDate "2008.??.??"]

1. Nf3 d6 2. g3 g6 3. Bg2 Bg7 4. O-O Nf6 5. d3 O-O 6. e4 Nc6 7. c3 Bg4 8. h3
Bd7 9. Kh2 h6 10. Re1 e5 11. Nbd2 Nh7 12. Nh4 Qc8 13. Nhf3 g5 14. Ng1 f5 15. f3
Ne7 16. Nf1 Bc6 17. d4 Ng6 18. Qd3 fxe4 19. fxe4 Qe8 20. d5 Bd7 21. Ne3 Qe7 22.
Bd2 Rf6 23. Rf1 Raf8 24. Qe2 R6f7 25. Rxf7 Rxf7 26. Rf1 Nf6 27. Nf5 Qf8 28. c4
Bxf5 29. exf5 Ne7 30. g4 Nd7 31. Bc3 Qe8 32. Qe3 b6 33. Ne2 a5 34. a3 Nc5 35.
Ng3 Kh7 36. b4 Nb7 37. Be4 Ng8 38. Rb1 Qa8 39. Qd2 Qa7 40. Qb2 Qa8 41. bxa5
Nxa5 42. Qb5 Rf8 43. Bxa5 bxa5 44. Qb7 1-0

[Event "Freib. Niedersachsen-Störtebeker"]
[Site "?"]
[Date "2008.02.12"]
[Round "2.1"]
[White "Niebuhr, G."]
[Black "Mewes, H-D."]
[Result "1/2-1/2"]
[WhiteElo "2075"]
[BlackElo "1958"]
[PlyCount "59"]
[EventDate "2008.??.??"]

1. d4 Nf6 2. c4 e6 3. Nf3 b6 4. a3 Bb7 5. Nc3 d6 6. d5 h6 7. e4 e5 8. Bd3 Be7
9. O-O Bc8 10. b4 c5 11. dxc6 Nxc6 12. Nd5 Nxd5 13. cxd5 Nb8 14. Be3 O-O 15.
Qc2 Bg4 16. Rfc1 Bxf3 17. gxf3 Bg5 18. Qd2 Bxe3 19. fxe3 Nd7 20. Rc6 Nb8 21.
Rc2 Nd7 22. Rac1 a5 23. Kh1 axb4 24. axb4 Ra3 25. Bb5 Ra7 26. Rc6 Nb8 27. R6c3
Nd7 28. Qc2 Qf6 29. Qf2 g5 30. Rc7 1/2-1/2

[Event "Freib. Niedersachsen-Störtebeker"]
[Site "?"]
[Date "2008.02.12"]
[Round "2.2"]
[White "Schäfer, H-U."]
[Black "Jürgens, P."]
[Result "0-1"]
[WhiteElo "1737"]
[BlackElo "2066"]
[PlyCount "72"]
[EventDate "2008.??.??"]

1. d4 e6 2. c4 Nf6 3. Nc3 Bb4 4. Nf3 d5 5. e3 O-O 6. Bd3 c5 7. O-O dxc4 8. Bxc4
Bd7 9. Bd3 Bc6 10. Ne5 Qd6 11. Nc4 Qc7 12. a4 Nbd7 13. Na2 b5 14. axb5 Bxb5 15.
b3 a5 16. Bb2 Qb8 17. Nc3 Bc6 18. Qe2 cxd4 19. exd4 Nd5 20. Nxd5 Bxd5 21. Rfc1
Nf6 22. f3 Rc8 23. Qe5 Nd7 24. Qh5 Nf6 25. Qe5 Qb7 26. Qe3 Rc6 27. Ne5 Rxc1+
28. Rxc1 Rc8 29. Bc4 Rc7 30. h4 h6 31. g4 Ne8 32. g5 hxg5 33. hxg5 Nd6 34. Qe2
Nf5 35. Kf2 Bd6 36. Bc3 Qa7 0-1

[Event "Freib. Niedersachsen-Störtebeker"]
[Site "?"]
[Date "2008.02.12"]
[Round "2.3"]
[White "Hellwege, W."]
[Black "Buck, K-M."]
[Result "1-0"]
[WhiteElo "2054"]
[BlackElo "1805"]
[PlyCount "133"]
[EventDate "2008.??.??"]

1. c4 Nf6 2. Nc3 e6 3. g3 c6 4. e4 Bb4 5. Bg2 d6 6. Nge2 e5 7. O-O O-O 8. a3
Bxc3 9. Nxc3 Be6 10. b3 Na6 11. d4 exd4 12. Qxd4 Qb6 13. Qd1 Bg4 14. Qc2 Nc5
15. b4 Ncd7 16. Be3 Qc7 17. f4 Be6 18. Na4 Nb6 19. c5 dxc5 20. Bxc5 Rfe8 21. e5
Nxa4 22. Qxa4 b5 23. Qc2 Nd7 24. Bd6 Qb6+ 25. Qf2 Bd5 26. Bxd5 Qxf2+ 27. Kxf2
cxd5 28. Rfd1 Nb6 29. Bc5 Rad8 30. Bxb6 axb6 31. Rac1 f6 32. exf6 Re6 33. fxg7
Kxg7 34. Rc7+ Kg8 35. Rdc1 Red6 36. Ke3 Re8+ 37. Kd2 Rh6 38. Rh1 Ra8 39. Rc3
Rd8 40. Rd3 Kf7 41. Ke3 Re6+ 42. Kf3 Rh6 43. h4 Rc6 44. Re1 d4 45. Re5 Rc3 46.
Ke4 Ra8 47. Kxd4 Rxd3+ 48. Kxd3 Rxa3+ 49. Ke4 Rxg3 50. Rxb5 Rg6 51. Rh5 Kg7 52.
Rg5 Kf6 53. Rxg6+ hxg6 54. Kd5 Kf5 55. Kc6 Kxf4 56. Kxb6 Kg4 57. Kc6 Kxh4 58.
b5 Kh3 59. b6 g5 60. b7 g4 61. b8=Q g3 62. Qh8+ Kg2 63. Kd5 Kg1 64. Qd4+ Kh2
65. Qh4+ Kg2 66. Ke4 Kf2 67. Kf4 1-0

[Event "Freib. Niedersachsen-Störtebeker"]
[Site "?"]
[Date "2008.02.12"]
[Round "2.4"]
[White "Friedrich, E."]
[Black "Fritsch, J."]
[Result "0-1"]
[WhiteElo "1893"]
[BlackElo "1980"]
[PlyCount "140"]
[EventDate "2008.??.??"]

1. f4 d5 2. Nf3 Nf6 3. e3 Bf5 4. d3 c6 5. Be2 e6 6. Ne5 Nfd7 7. O-O Nxe5 8.
fxe5 Nd7 9. d4 c5 10. c3 c4 11. Nd2 b5 12. a3 Nb6 13. Bf3 Bd3 14. Be2 Bg6 15.
Rf4 Be7 16. Qf1 Bg5 17. Rf3 O-O 18. Rg3 f5 19. exf6 Rxf6 20. Nf3 Bh6 21. Qd1
Nd7 22. Bd2 Be4 23. Ne1 Rg6 24. Rxg6 Bxg6 25. Bg4 Qe7 26. Qf3 Rf8 27. Qh3 Bf5
28. Nf3 Bxg4 29. Qxg4 Nf6 30. Qh4 Qe8 31. Rf1 Ne4 32. Bc1 Qf7 33. Qe1 Qe8 34.
Ne5 g6 35. Qe2 Bg7 36. Ng4 Rf5 37. Rxf5 exf5 38. Nf2 Nxf2 39. Kxf2 Qe4 40. Bd2
Kf7 41. Qf3 Ke6 42. Qxe4+ dxe4 43. h4 Bf6 44. g3 g5 45. hxg5 Bxg5 46. Kg2 h5
47. Kh3 Kd6 48. Kg2 Kc6 49. Kf2 h4 50. gxh4 Bxh4+ 51. Ke2 Be7 52. Be1 Bd6 53.
Bh4 f4 54. exf4 Bxf4 55. Kd1 Kd7 56. Kc2 Ke6 57. Be1 Kd5 58. Kd1 Ke6 59. Kc2
Kf5 60. Kd1 Kg4 61. Kc2 Kf3 62. b3 Bd6 63. Bh4 e3 64. b4 Ke2 65. Bg5 Kf2 66.
Bh4+ Kf1 67. d5 e2 68. Kd2 Bf4+ 69. Kc2 e1=Q 70. Bxe1 Kxe1 0-1

[Event "Norwegen 5-Rheno Palatinat"]
[Site "?"]
[Date "2008.02.12"]
[Round "2.1"]
[White "Wibe, P."]
[Black "Denda, R."]
[Result "0-1"]
[WhiteElo "1791"]
[BlackElo "2059"]
[PlyCount "108"]
[EventDate "2008.??.??"]

1. c4 e6 2. g3 d5 3. Bg2 c6 4. cxd5 exd5 5. d4 Nf6 6. Nc3 Bf5 7. Nf3 Qc8 8. O-O
Bh3 9. e4 Bxg2 10. Kxg2 dxe4 11. Re1 Be7 12. Nxe4 O-O 13. Qd3 Nbd7 14. Neg5 Bb4
15. Re2 h6 16. Qc4 Nd5 17. Ne4 N7b6 18. Qc2 Be7 19. Bd2 Qf5 20. Rae1 a5 21. a4
Nd7 22. Qb3 b6 23. Nc3 Bf6 24. Ne5 Bxe5 25. dxe5 Qe6 26. Nxd5 cxd5 27. Bc3 Nc5
28. Qc2 Rfc8 29. f3 Qc6 30. Qf5 Ne6 31. h4 Qxa4 32. f4 d4 33. Bd2 Rc2 34. Qe4
Rac8 35. f5 Nc5 36. Qg4 d3 37. Qxa4 Nxa4 38. Rf2 Nxb2 39. e6 fxe6 40. fxe6 Nc4
41. Bf4 Rxf2+ 42. Kxf2 Re8 43. Re4 b5 44. Rd4 Rxe6 45. Rxd3 b4 46. Rb3 Rb6 47.
Ke2 a4 48. Rb1 b3 49. Kd3 Rc6 50. Bc1 Nd6 51. Ra1 Nf5 52. Bf4 b2 53. Rb1 a3 54.
Be5 Rc1 0-1

[Event "Norwegen 5-Rheno Palatinat"]
[Site "?"]
[Date "2008.02.12"]
[Round "2.2"]
[White "Schwertel, J."]
[Black "Gabrielsen, O."]
[Result "1/2-1/2"]
[WhiteElo "1987"]
[BlackElo "1754"]
[PlyCount "85"]
[EventDate "2008.??.??"]

1. d4 f5 2. g3 Nf6 3. Bg2 e6 4. Nf3 Be7 5. O-O O-O 6. Nc3 d5 7. Bf4 c6 8. e3
Nbd7 9. a3 Ne4 10. Nxe4 fxe4 11. Ne5 Nxe5 12. Bxe5 Bf6 13. Bxf6 Qxf6 14. f3
exf3 15. Rxf3 Qe7 16. Rxf8+ Qxf8 17. Qe2 Qe7 18. e4 Qf6 19. c3 Bd7 20. Rf1 Qg5
21. Qf2 Qe7 22. exd5 exd5 23. b4 Re8 24. a4 b6 25. b5 Qe3 26. c4 Qxf2+ 27. Kxf2
Rf8+ 28. Ke1 Rxf1+ 29. Kxf1 Kf7 30. Ke1 Ke7 31. Kd2 Kd6 32. Kc3 dxc4 33. Kxc4
cxb5+ 34. axb5 g5 35. Be4 h6 36. Bb7 Bg4 37. h4 Be2+ 38. Kb4 Bd3 39. hxg5 hxg5
40. Bf3 Bf1 41. Be4 Be2 42. Bb7 Bf1 43. Ba6 1/2-1/2

[Event "Norwegen 5-Rheno Palatinat"]
[Site "?"]
[Date "2008.02.12"]
[Round "2.3"]
[White "Lovaas, T."]
[Black "Degenhardt, N."]
[Result "0-1"]
[WhiteElo "1378"]
[BlackElo "2074"]
[PlyCount "58"]
[EventDate "2008.??.??"]

1. f4 d5 2. b3 c5 3. e3 Nc6 4. Nf3 Nf6 5. Bb2 e6 6. Bb5 Bd7 7. O-O Be7 8. Nc3
a6 9. Bxc6 Bxc6 10. Ne5 Qc7 11. Ne2 O-O 12. Qe1 Nd7 13. Ng4 f5 14. Ne5 Bf6 15.
d4 c4 16. Ba3 Rfc8 17. Ng3 Bb5 18. Rf2 g6 19. Rf3 Bg7 20. Ne2 cxb3 21. cxb3
Nxe5 22. dxe5 Bxe2 23. Qxe2 Qa5 24. Bb2 Rc6 25. Rff1 Rac8 26. Rfc1 Bf8 27. Rxc6
Rxc6 28. Bd4 Qc7 29. a3 Bxa3 0-1

[Event "Norwegen 5-Rheno Palatinat"]
[Site "?"]
[Date "2008.02.12"]
[Round "2.4"]
[White "Betz, E."]
[Black "Johansen, B."]
[Result "1-0"]
[WhiteElo "2006"]
[BlackElo "1278"]
[PlyCount "100"]
[EventDate "2008.??.??"]

1. e4 e5 2. Nf3 d6 3. d4 exd4 4. Nxd4 Nf6 5. Bd3 Be7 6. O-O Nbd7 7. c4 Ne5 8.
Nc3 Bd7 9. Be2 a6 10. h3 h6 11. f4 Nc6 12. Bf3 Nxd4 13. Qxd4 c5 14. Qd3 Bc6 15.
Be3 Qc7 16. a3 Rd8 17. Rad1 O-O 18. Bc1 Rfe8 19. Rfe1 Bf8 20. Qf1 Qb8 21. a4
Qc7 22. b3 Qb6 23. Bd2 Qxb3 24. Rb1 Qc2 25. Qe2 Nxe4 26. Nxe4 f5 27. Rec1 Qa2
28. Ba5 Qxe2 29. Bxe2 Bxe4 30. Bxd8 Rxd8 31. Rb2 Be7 32. Bf3 Bf6 33. Rb3 Rd7
34. Bxe4 fxe4 35. Rcb1 e3 36. Rxb7 Rd8 37. Rb8 Kf7 38. Rxd8 Bxd8 39. Kf1 Bf6
40. Ke2 Bd4 41. Rb6 Ke6 42. Rxa6 g5 43. fxg5 hxg5 44. Rb6 Kd7 45. Rb3 d5 46.
cxd5 Kd6 47. Rxe3 Kxd5 48. Rd3 Kc4 49. Rxd4+ cxd4 50. a5 Kb5 1-0

[Event "USV Halle-Senioren Dresden"]
[Site "?"]
[Date "2008.02.12"]
[Round "2.1"]
[White "Höhm, W."]
[Black "Kanibalotzka, E."]
[Result "1-0"]
[WhiteElo "1962"]
[BlackElo "1856"]
[PlyCount "97"]
[EventDate "2008.??.??"]

1. e4 g6 2. d4 Bg7 3. f4 d6 4. Nf3 Bg4 5. c3 Nf6 6. Bd3 O-O 7. O-O Nbd7 8. h3
Bxf3 9. Qxf3 c6 10. Na3 Rc8 11. Be3 a6 12. Kh1 b5 13. g4 c5 14. e5 dxe5 15.
dxe5 Ne8 16. Rad1 e6 17. Be4 Qc7 18. Bb7 Rb8 19. Bc6 Rd8 20. Bxd7 Rxd7 21. Rxd7
Qxd7 22. Bxc5 Nc7 23. Bxf8 Bxf8 24. Rd1 Nd5 25. Nc2 Qc7 26. Ne3 Nxe3 27. Qxe3
Qc6+ 28. Kh2 Bc5 29. Qd3 Kg7 30. Kg3 Be7 31. g5 h5 32. b3 Bc5 33. Qf3 Qb6 34.
b4 Be7 35. Qd3 Qa7 36. a3 a5 37. Qe4 Qc7 38. Rd3 axb4 39. axb4 Qb6 40. Kh2 Qa7
41. Qe3 Qa2+ 42. Qd2 Qc4 43. Rd4 Qf1 44. h4 Qf3 45. Rd7 Bf8 46. Rd8 Be7 47. Re8
Bf8 48. Rb8 Qc6 49. Qd8 1-0